Management and cost accounting : student manual

Saved in:
Bibliographic Details
Main Authors Drury, Colin, 1944- (Author), Tayles, Mike (Author)
Format Book
LanguageEnglish
Published Australia ; Brazil ; Canada ; Mexico ; Singapore ; United Kingdom ; United States : Cengage, [2024]
EditionTwelfth edition
Subjects
ISBN978-1-4737-9125-1
Physical Description407 stran : grafická znázornění ; 26 cm

Cover

LEADER 00000aam a2200000 i 4500
001 115743
003 CZ ZlUTB
005 20260601092408.0
007 ta
008 260305t20242024at d f p 000 0 eng d
020 |a 978-1-4737-9125-1  |q (brožováno) 
040 |a ABA006  |b cze  |c ABA006  |d ABA006  |d ZLD002  |e rda 
044 |a at  |a bl  |a xxc  |a mx  |a si  |a xxk  |a xxu 
072 7 |a 657  |x Účetnictví  |2 Konspekt  |9 4 
072 7 |a 37.016  |x Učební osnovy. Vyučovací předměty. Učebnice  |2 Konspekt  |9 22 
080 |a 657  |2 MRF 
080 |a 657:005  |2 MRF 
080 |a 657.474.5  |2 MRF 
080 |a 657.47  |2 MRF 
080 |a (075)  |2 MRF 
080 |a (076.1/.3)  |2 MRF 
100 1 |a Drury, Colin,  |d 1944-  |7 pna2007384231  |4 aut 
245 1 0 |a Management and cost accounting :  |b student manual /  |c Colin Drury, Mike Tayles 
250 |a Twelfth edition 
264 1 |a Australia ;  |a Brazil ;  |a Canada ;  |a Mexico ;  |a Singapore ;  |a United Kingdom ;  |a United States :  |b Cengage,  |c [2024] 
264 4 |c ©2024 
300 |a 407 stran :  |b grafická znázornění ;  |c 26 cm 
336 |a text  |b txt  |2 rdacontent 
337 |a bez média  |b n  |2 rdamedia 
338 |a svazek  |b nc  |2 rdacarrier 
500 |a Druhý dotisk r. 2025 
650 0 7 |a účetnictví  |7 ph116911  |2 czenas 
650 0 7 |a manažerské účetnictví  |7 ph115220  |2 czenas 
650 0 7 |a kalkulace nákladů  |7 ph166527  |2 czenas 
650 0 7 |a nákladové účetnictví  |7 ph115497  |2 czenas 
650 0 9 |a accounting  |2 eczenas 
650 0 9 |a managerial accounting  |2 eczenas 
650 0 9 |a cost accounting  |2 eczenas 
655 7 |a učebnice  |7 fd133770  |2 czenas 
655 7 |a sbírky úloh  |7 fd132056  |2 czenas 
655 9 |a textbooks  |2 eczenas 
655 9 |a examinations, questions, etc.  |2 eczenas 
700 1 |a Tayles, Mike  |4 aut 
910 |a ZLD002 
942 |2 udc 
952 |0 0  |1 0  |4 0  |6 657DRURYC  |7 -1  |8 BOOK  |9 191386  |a UTBZL  |b UTBZL  |c 005  |d 2026-06-01  |l 0  |o 657/DRURY,C.  |p 420010202205  |r 2026-06-01 09:24:49  |v 774.00  |w 2026-06-01  |x N:nákup  |y 01 
992 |a BK  |b SKNEW 
999 |c 115743  |d 115743